000
00303nam a2200109Ia 4500
008
160531s9999 xx 000 0 und d
100
_a
Dubey, Raghvendra K.
245
_a
Sex Hormones
245
_c
by Raghvendra K. Dubey (ed.)
260
_c
2012
856
_u
http://www.intechopen.com/books/sex-hormones
999
_c
295480
_d
295480